000 00566nam a22002177a 4500
003 Nust
005 20211014101210.0
008 170119b xxu||||| |||| 00| 0 eng d
020 _a9780074635612
038 _akhadija
040 _cc
082 _a621.18307
_bCHA
100 _aChattopadhyay, P
_961491
245 _aBoiler Operation Engineering Questions and Answers /
_cP Chattopadhyay
250 _a2nd ed.
260 _aNew Delhi :
_bMcGraw-Hil,
_c2010.
300 _a1377 p. ;
_c24 cm.
500 _aHardcover.
563 _ahardcover
942 _cBK
_2ddc
999 _c32139
_d32139